000 003480000a22000970004500
100 1 _aJezequel, Roberta
245 1 0 _a"If you'll be there, we will come" Hurting children and their families find hope and love at Roblealto in Costa Rica
300 _aVol. 78, Num 2 (Abril-Junio, 1998), Páginas 6-9
773 0 _tLatin America Evangelist
942 _cANA
999 _c55121
_d55121